Antiszenz oligonukleotidok

Elmentve itt :
Bibliográfiai részletek
Szerző: Nédó Renáta
További közreműködők: Tubak Vilmos (Témavezető)
Rákhely Gábor (Témavezető)
Dokumentumtípus: Szakdolgozat
Megjelent: 2010
Tárgyszavak:
Online Access:http://diploma.bibl.u-szeged.hu/132483
LEADER 00776nta a2200205 i 4500
001 dipl132483
005 20230117090810.0
008 230116s2010 hu om 0|| hun d
040 |a SZTE Diploma Repozitórium  |b hun 
041 |a hun 
100 1 |a Nédó Renáta 
245 1 0 |a Antiszenz oligonukleotidok  |h [elektronikus dokumentum] /  |c Renáta Nédó 
260 |c 2010 
650 4 |a Orvos- és egészségtudományok 
650 4 |a Medical and health sciences 
650 4 |a Medical biotechnology 
700 0 1 |a Tubak Vilmos  |e ths 
700 0 1 |a Rákhely Gábor  |e ths 
856 4 0 |u https://diploma.bibl.u-szeged.hu/id/eprint/132483/1/2010_nedo_renata.pdf  |z Dokumentum-elérés  
856 4 0 |u https://diploma.bibl.u-szeged.hu/id/eprint/132483/2/2010_nedo_renata_biralati_lap.pdf  |z Dokumentum-elérés